Συμβολή στη μεθοδολογία της επιτόπιας λαογραφικής έρευνας
Αποθηκεύτηκε σε:
| Κύριος συγγραφέας: | |
|---|---|
| Μορφή: | Βιβλίο |
| Γλώσσα: | Greek |
| Δημοσίευση: |
Αθήνα :
Οδυσσέας,
2000.
|
| Έκδοση: | 2η εκδ. |
| Θέματα: | |
| Ετικέτες: |
Προσθήκη ετικέτας
Δεν υπάρχουν, Καταχωρήστε ετικέτα πρώτοι!
|
MARC
| LEADER | 00000cam a2200000 i 4500 | ||
|---|---|---|---|
| 001 | 1/60974 | ||
| 008 | 020409s2000 gr | ||| |||| ||gre|| | ||
| 020 | |a 9602101873 | ||
| 035 | |l 10000777 | ||
| 040 | |a GR-MyUA |b gre |e AACR2 | ||
| 041 | 0 | |a gre | |
| 082 | 0 | |a 398 | |
| 100 | 1 | |a Βαρβούνης, Εμμανουήλ Γερ., |d 1966- | |
| 245 | 1 | 0 | |a Συμβολή στη μεθοδολογία της επιτόπιας λαογραφικής έρευνας / |c Μ.Γ. Βαρβούνης. |
| 250 | |a 2η εκδ. | ||
| 260 | |a Αθήνα : |b Οδυσσέας, |c 2000. | ||
| 300 | |a 169 σ. ; |c 21 εκ. | ||
| 504 | |a Περιέχει βιβλιογραφικές αναφορές και ευρετήριο. | ||
| 650 | 0 | 0 | |a Folklore |x Methodology. |
| 852 | |a INST |b RHODES |e 20070730 |h 398 ΒΑΡ |p 005400026276 |q 005400026276 |t BK |y 0 | ||
| 852 | |a INST |b SAMOS |e 20020409 |h 398 ΒΑΡ |p 005300020153 |q 005300020153 |t BK |y 0 | ||
| 901 | |a BIBL3-2002-1 | ||
| 901 | |a BIBL4-2007-2 | ||
| 909 | |a Σ |b 087412 | ||
| 909 | |a Ρ |b 136280 | ||
| 922 | |a 3ΕΛΗ |b 200111 |c ΒΙΒΛΙΟΘΗΚΗ |d ΚΑΡΑΣΤΑΘΗΣ | ||
| 922 | |a 4ΕΛΗ |b 200707 |c ΕΠΕΑΕΚ2/ΤΜΣ |d Σ. ΠΑΤΑΚΗΣ | ||
| 970 | |a ΜΑΛΑΓΑΡΗ |b ΦΩΤΕΙΝΗ |z 2002/04/09 | ||